000 01101pam a2200301 a 4500
001 1932275
003 OSt
005 20230201162305.0
008 860227r19861980miua b 001 0 eng
010 _a 86005229
020 _a0310510716
040 _aDLC
_cDLC
_dDLC
050 0 0 _aBV4011
_b.A33 1986
100 1 _aAdams, Jay E.
245 1 0 _aShepherding God's flock :
_ba handbook on pastoral ministry, counseling, and leadership /
_cJay E. Adams.
260 _aGrand Rapids, MI :
_bMinistry Resources Library,
_c1986
300 _a531 p. :
490 1 _aThe Jay Adams library
500 _aReprint. Originally published: Phillipsburg, N.J. : Presbyterian and Reformed Pub. Co., 1980.
504 _aIncludes bibliographical references and indexes.
650 0 _aPastoral theology.
650 0 _aPastoral counseling.
650 0 _aChristian leadership.
800 1 _aAdams, Jay E.
_d1929-
_tJay Adams library.
856 4 2 _3Publisher description
_uhttp://www.loc.gov/catdir/enhancements/fy0633/86005229-d.html
906 _a7
_bcbc
_corignew
_d1
_eocip
_f19
_gy-gencatlg
942 _2lcc
_cBK
999 _c19884
_d19883